Thiruvalluvar Rendered by Thenpandi / (Record no. 195107)

MARC details
000 -LEADER
fixed length control field 00615nam a22001937a 4500
005 - DATE AND TIME OF LATEST TRANSACTION
control field 20230317151303.0
010 ## - LCCN (DPL NO)
LC control number ENG-136230
020 ## - INTERNATIONAL STANDARD BOOK NUMBER
Terms of availability 228.00
035 ## - SYSTEM CONTROL NUMBER
System control number EN-119762
037 ## - SOURCE OF ACQUISITION
Source of stock number/acquisition DBAD/PUB
082 ## - DEWEY DECIMAL CLASSIFICATION NUMBER
Classification number 894.0111109
100 ## - MAIN ENTRY--PERSONAL NAME
Personal name Thirukkural Kesava Subbiah
245 ## - TITLE STATEMENT
Title Thiruvalluvar Rendered by Thenpandi /
Statement of responsibility, etc By Thirukkural Kesava Subbiah
260 ## - PUBLICATION, DISTRIBUTION, ETC. (IMPRINT)
Place of publication, distribution, etc Tamil Nadu
Name of publisher, distributor, etc Dwarka Publishers
Date of publication, distribution, etc 2014
270 ## - ADDRESS
Address A 125, NGO COLONY, Gandhi Nagar, Kottar post, Nagercil
City Tamil Nadu
Postal code 629002
300 ## - PHYSICAL DESCRIPTION
Extent 224p.
Dimensions 21cm(pbk)
500 ## - GENERAL NOTE
General note Volume 1 Ancient
942 ## - ADDED ENTRY ELEMENTS (KOHA)
Source of classification or shelving scheme Dewey Decimal Classification
Item type English Books
Classification part 894.8111109
Call number suffix THI
Holdings
Withdrawn status Lost status Not for loan Collection code Home library Current library Date acquired Source of acquisition Cost, normal purchase price Full call number Barcode Copy number Cost, replacement price Koha item type
      Non-fiction Katevara Katevara 20/02/2023 DBAD/PUB 228.00 894.8111109 THI EN-119762 1 228.00 English Books

© Delhi Public Library
Hit Counter
free hit counter